000
00294nam a22001337a 4500
008
170908b xxu||||| |||| 00| 0 eng d
020
_a
9781566923163
041
_a
eng
080
_2
8 ED
_a
91
100
_a
42
101
_a
GEO
245
_a
STATE RANKINGS 1997
_c
LEARY.K
942
_2
udc
_c
BK
999
_c
26708
_d
26708